Las competencias del evaluador educativo.

Պահպանված է:
Մատենագիտական մանրամասներ
Հիմնական հեղինակ: Moreno Olivos, Tiburcio (autor)
Ձևաչափ: Գիրք
Լեզու:իսպաներեն
Խորագրեր:
Առցանց հասանելիություն:Ver documento en línea
Ցուցիչներ: Ավելացրեք ցուցիչ
Չկան պիտակներ, Եղեք առաջինը, ով նշում է այս գրառումը!

MARC

LEADER 00000nam^a2200000^u^4500
001 000534245
005 20260512000000.0
008 160617s10001000^^^^cr^^r^^^^^000^0^spa^d
009 20260512123941.299
022 |a 01852760 
035 |a FCE 000078493 
037 |a Acervo ITESO - Biblioteca 
041 |a spa 
095 |a REVISTA DE LA EDUCACION SUPERIOR (PDF)  |b 174/2015 
100 |a Moreno Olivos, Tiburcio  |e (autor) 
245 1 5 |a Las competencias del evaluador educativo. 
264 |a México :  |b ANUIES,  |c 2015. 
300 |a pp. 101-126. 
336 |a texto  |b txt  |2 rdacontenido 
337 |a sin mediación  |b n  |2 rdamedio 
338 |a volumen  |b nc  |2 rdasoporte 
649 |a XX 
650 |a Educación superior 
650 |a Competencias profesionales 
650 |a Evaluaciòn 
650 |a Evaluador 
740 |g no. 174, abr.-jun. 2015, pp. 101-126  |t Revista de la Educación Superior, 
856 4 0 |u https://publicaciones.anuies.mx/pdfs/revista/Revista174_S3A5ES.pdf  |y Ver documento en línea 
910 |a Fondo Centro de Estudios Educativos 
920 |a Impresos - Libros 
930 |a Fondos Especiales 
905 |a 133 
902 |a https://opac.biblio.iteso.mx/vufind/Record/000534245